000 00420pab a2200157 454500
008 180718b2017 xxu||||| |||| 00| 0 eng d
100 _aSingh, Bhupal
245 _aVulnerability of emerging market economies to exogenous shocks
260 _c2017
300 _ap.61-76.
362 _a25 Mar
650 _aMarket economy
650 _aMonetary policy
773 _aEconomic and Political Weekly
909 _a114204
999 _c114198
_d114198